| Tag |
First Indicator |
Second Indicator |
Subfields |
| LEADER |
00000cam a22000001a 4500 |
| 001 |
in00002891621 |
| 005 |
20190401184027.0 |
| 006 |
m o d |
| 007 |
cr un mmmapmmp |
| 008 |
070102s1888 dcu o f000 0 eng d |
| 035 |
|
|
|a cis2004053957
|
| 040 |
|
|
|a UMI
|c UMI
|d UtOrBLW
|
| 043 |
|
|
|a n-us---
|
| 099 |
|
|
|a ProQuest Serial Set Number 2526 S.rp.1949
|
| 110 |
1 |
|
|a United States.
|b Congress.
|b Senate.
|b Committee on Patents.
|
| 245 |
1 |
0 |
|a [Relief of James Albert Bonsack, patentee for cigarette machine.].
|
| 264 |
|
1 |
|a Washington :
|b [publisher not identified],
|c 1888.
|
| 300 |
|
|
|a 1 online resource.
|
| 336 |
|
|
|a text
|b txt
|2 rdacontent
|
| 337 |
|
|
|a computer
|b c
|2 rdamedia
|
| 338 |
|
|
|a online resource
|b cr
|2 rdacarrier
|
| 490 |
0 |
|
|a S.rp.1949
|
| 500 |
|
|
|a Record is based on bibliographic data in ProQuest U.S. Serial Set Digital Collection (last viewed Jan. 2007). Reuse except for individual research requires license from ProQuest, LLC.
|
| 510 |
3 |
|
|a ProQuest U.S. Serial Set Digital Collection
|
| 500 |
|
|
|a Electronic resource.
|
| 650 |
|
0 |
|a Machinery.
|
| 650 |
|
0 |
|a Patents.
|
| 650 |
|
0 |
|a Tobacco.
|
| 655 |
|
7 |
|a Electronic books.
|2 local
|
| 710 |
2 |
|
|a ProQuest (Firm)
|
| 830 |
|
0 |
|a United States congressional serial set.
|
| 856 |
4 |
0 |
|u http://proxy.library.tamu.edu/login?url=http://congressional.proquest.com/congcomp/getdoc?SERIAL-SET-ID=2526+S.rp.1949
|z Connect to the full text of this electronic book
|t 0
|
| 999 |
|
|
|a MARS
|
| 999 |
f |
f |
|s 683122f8-8c37-349d-a4c0-663c1a078e87
|i 069393ed-f2eb-3f39-a708-e45e7df14891
|t 0
|
| 952 |
f |
f |
|a Texas A&M University
|b College Station
|c Electronic Resources
|d Available Online
|t 0
|e ProQuest Serial Set Number 2526 S.rp.1949
|h Other scheme
|
| 998 |
f |
f |
|a ProQuest Serial Set Number 2526 S.rp.1949
|t 0
|l Available Online
|